00490nam a2200109Ia 4500008004100000100002300041245014300064260006300207300001800270650001700288856007500305160712s9999 xx 000 0 und d aMangahas, Maria F. cMaria F. MangahasaDVD Piracy as Alternative Media: The Scandal of Piracy, and the Piracy of “Scandal” in the Philippines, 2005–2009 c2014bKasarinlan Philippine Journal of Third World Studies avol. 29 no. 1 xINDEPENDENCE uhttp://journals.upd.edu.ph/index.php/kasarinlan/issue/view/486/showToc